000 00399nam a2200181Ia 4500
003 0STCL
008 150530s9999 xx 000 0 und d
040 _aSTCL
_cSTCL
100 _aUlahannan, T.C.
245 _aUdhararoga chikilsa rahasyangal
250 _a1
260 _bAuthor
_c2008
300 _a0
546 _aMalayalam
942 _2ddc
_cBK
999 _c40247
_d40247
005 20220125170514.0